00000000nam 2200000zi 4500
0019.944198
003CaOODSP
00520250714120036
006m     o  d f      
007cr mn|||||||||
008241017t20252025onc     ob   f000 0 eng d
020 |a9780660740508
040 |aCaOODSP|beng|erda|cCaOODSP
043 |an-cn---
0861 |aIu37-51/3-2024E-PDF
24500|aNational Quantum Strategy roadmap : |bquantum sensing.
264 1|a[Ottawa] : |bGovernment of Canada = Gouvernement du Canada, |c2025.
264 4|c©2025
300 |a1 online resource (ii, 19 pages)
336 |atext|btxt|2rdacontent
337 |acomputer|bc|2rdamedia
338 |aonline resource|bcr|2rdacarrier
500 |aIssued also in French under title: Feuille de route de la Stratégie quantique nationale : détection quantique.
500 |aIssued by: Innovation, Science and Economic Development Canada.
500 |a"National Quantum Strategy"--Cover.
500 |a"This roadmap is current as of February 17, 2025 and may be updated from time to time. …"--Page i
504 |aIncludes bibliographical references.
520 |a"To strengthen Canada's quantum ecosystem, the Government of Canada launched the National Quantum Strategy (NQS) in January 2023 and allocated $360 million in dedicated funding, in addition to leveraging a number of broad-based, large-scale programs. The NQS aims to: amplify Canada's strength in quantum research; grow quantum technologies, companies and talent; and solidify Canada’s global leadership in quantum science and its commercialization. The NQS sets out three key missions on: quantum computing and software; communication and post-quantum cryptography; and sensors. … This roadmap charts a course forward for the quantum sensing mission. It will be updated periodically to reflect advances in quantum technologies that could drastically change timelines or lead to new applications"--Introduction, page 1.
650 0|aMeasuring instruments|xTechnological innovations|xGovernment policy|zCanada.
650 0|aMeasuring instruments industry|xTechnological innovations|xGovernment policy|zCanada.
650 0|aQuantum theory|xGovernment policy|zCanada.
7101 |aCanada. |bInnovation, Science and Economic Development Canada, |eissuing body.
77508|tFeuille de route de la Stratégie quantique nationale : |w(CaOODSP)9.944199
85640|qPDF|s889 KB|uhttps://publications.gc.ca/collections/collection_2025/isde-ised/Iu37-51-3-2024-eng.pdf
85641|qHTML|sN/A|uhttps://ised-isde.canada.ca/site/national-quantum-strategy/en/national-quantum-strategy-roadmap-quantum-sensing